000 00555pab a2200193 454500
008 180718b2005 xxu||||| |||| 00| 0 eng d
100 _aAbraham, Vinoj
245 _aNew technology and the emerging labour market: a study of Indian IT industry
260 _c2005
300 _ap.789-802.
362 _aOct-Dec
650 _aInformation technology - India
650 _aTechnology - India
650 _aLabour market - India
650 _aLabour market
700 _aSharma, R.K.
773 _aIndian Journal of Labour Economics
909 _a68905
999 _c68905
_d68905